000 00685nam a2200193Ia 4500
003 IN-BaIIA
008 211028s9999 xx 000 0 eng d
020 _a0-442-24450-9
040 _cIIA Library
080 _a(058):520.1
_bKIR
100 _aKirby-Smith, H. T.
_910473
245 0 _aU.S.observatories: a directory and travel guide
_cH. T. Kirby-Smith
260 _aNew York
_bVan Nostrand Reinhold
_c1976
300 _a173p.
650 _aAstronomical museums-United States-Directories
_910474
650 _aAstronomical observatories-United States-Directories
_910475
650 _aPlanetaria-United States-Directories
_910476
942 _cBK
999 _c6041
_d6041